MARC

LEADER 00000nam0a2200000 4500
001 91224
005 20231031103942.0
035 |a (RuTPU)RU\TPU\book\97808 
090 |a 91224 
100 |a 20060221d1986 m y0rusy50 ca 
101 0 |a rus 
102 |a RU 
105 |a a j 001zy 
200 1 |a Механические процессы в породных массивах  |e учебник для вузов  |f И. В. Баклашов, Б. А. Картозия  
210 |a Москва  |c Недра  |d 1986 
215 |a 272 с.  |c ил. 
320 |a Библиогр.: с. 270-271. 
610 1 |a учебники 
610 1 |a горные породы 
610 1 |a физико-механические свойства 
610 1 |a механические процессы 
610 1 |a породные массивы 
610 1 |a деформируемость 
610 1 |a прочность 
610 1 |a структурно-механические особенности 
610 1 |a аналитические методы 
610 1 |a экспериментальные методы 
610 1 |a исследование 
610 1 |a применение 
610 1 |a рекомендации 
610 1 |a прогнозирование 
610 1 |a устойчивость 
675 |a 622.02(075.8)  |v 3 
700 1 |a Баклашов  |b И. В.  |g Игорь Владимирович 
701 1 |a Картозия  |b Б. А.  |g Борис Арнольдович 
801 1 |a RU  |b 63413507  |c 20060221  |g PSBO 
801 2 |a RU  |b 63413507  |c 20141230  |g PSBO 
942 |c BK